00844nam a2200253Ia 4500003000900000008004100009020003000050020003100080022002200111022002300133040001600156100002300172245004600195260003800241300002000279490004300299650003700342650002100379650004200400650002900442650001200471700003400483856007300517IN-BaIIA211028s9999 xx s 000 0 eng d a978-1-4614-5154-9 (Print) a978-1-4614-5155-6 (Online) a0067-0057 (Print) a2214-7985 (Online) cIIA Library aYa Marov, Mikhail  0aTurbulence and Self-Organizationh[eBook] aNew YorkbSpringer New Yorkc2013 aOnline resource aAstrophysics and Space Science Library a Astrophysics and Astroparticles a Complex Systems a Dynamical Systems and Ergodic Theory a Fluid- and Aerodynamics aPhysics aKolesnichenko, Aleksander V.  uhttp://doi.org/10.1007/978-1-4614-5155-6yClick Here to Access eBook